000 01010cam a22003255a 4500
001 1063186
005 20240818093022.0
008 101213s2008 ii a frb 001 0 eng d
020 _z9788171339174
020 _z8171339174
040 _aCaPaEBR
_cCaPaEBR
_beng
_dEG-ScBUE
082 0 4 _222
_a570.285
_bSHA
100 1 _aSharma, Vinay.
245 1 2 _aA text book of bioinformatics /
_cVinay Sharma, Ashok Munjal and Asheesh Sanker.
250 _a1st ed.
260 _aMeerut :
_bRastogi Publications,
_c2008.
300 _axiv, 260 p. :
_bill. ;
_c24 cm.
500 _aIndex : p. [255]-260.
504 _aIncludes bibliographical references.
521 _aFor university students.
650 7 _aBioinformatics.
_2BUEsh
_95545
653 _bCOMSCI
_cJanuary2017
700 1 _aMunjal, Ashok.
700 1 _aShanker, Asheesh.
710 2 _aebrary, Inc.
942 _2ddc
_hRDA-MOD
999 _c23925
_d23897
336 _2rdacontent
_atext
_btxt
337 _aunmediated
_2rdamedia
_bn
338 _avolume
_bnc
_2rdacarrier